INSPEC classification (a classification scheme for physics, electrotechnology, computers and control) /

Uloženo v:
Podrobná bibliografie
Hlavní autor: Field, Barry James
Korporativní autor: Institution of Electrical Engineers
Médium: Kniha
Jazyk:English
Vydáno: London : Institution of Electrical Engineers, 1973.
Témata:
LEADER 00960nam a2200241 i 4500
001 c000257861
003 CARM
005 00000000000000.0
008 850717s1973 enk 0 eng d
019 1 |a 329863  |5 LACONCORD2021 
020 |a 0852964188 
035 |a (OCoLC)979647  |5 LACONCORD2021 
082 0 4 |a 025.4653 
100 1 |a Field, Barry James. 
245 1 0 |a INSPEC classification (a classification scheme for physics, electrotechnology, computers and control) /  |c [by] B.J. Field. 
260 |a London :  |b Institution of Electrical Engineers,  |c 1973. 
300 |a [84] p. 
650 0 |a Classification  |x Books  |x Physics. 
650 0 |a Classification  |x Books  |x Technology. 
710 2 |a Institution of Electrical Engineers. 
852 8 |b CARM  |h A2:AH01H0  |i F01207  |p 0329361  |f BK 
999 f f |i f737a78f-ff22-5f29-bac8-340b3ed02491  |s 8d2902f7-6dd4-5dd7-bd7a-e0b0ccc15739 
952 f f |p Can circulate  |a CAVAL  |b CAVAL  |c CAVAL  |d CARM 1 Store  |e F01207  |f A2:AH01H0  |h Other scheme  |i book  |m 0329361